00806nam a22002537a 450000500170000000800410001702000180005804000090007604100080008508200230009310000240011624500250014026000390016530000260020436500630023052001160029365000250040965000180043465000240045265000190047670000150049570000210051070000210053120220523113140.0220521b ||||| |||| 00| 0 eng d a9789355963772 cAloy aeng 223a510.2465bSAHB aR G Saha and others aBusiness mathematics aNew DelhibVision Book Housec2022 ax,262p.bPBc24x18cm. 2Managementa956b220.00c₹d275.00e₹f20%g19-05-2022 aContents: Number System Theory of Equations Indices, Matrices and Logarithms Commercial Arithmetic Progressions aBusiness Mathematics aNumber System aTheory of Equations aNEP II Sem BBA aSAHA (R G) aDHANANJAYA (B R) aVARGHESE (Shilu)